Has Anyone Ever Done It: Running - Statistics

General Stats
  • This quiz has been taken 92 times
  • The average score is 11 of 20
Answer Stats
Question Answer % Correct
400 meters in 46 seconds Yes
93%
One mile in four minutes Yes
93%
Won four of six World Marathon Majors (Chicago, Boston, New York, Berlin, London, Tokyo) Yes
86%
Two hour marathon Yes
79%
Three miles in twelve minutes No
64%
Two miles in eight minutes Yes
64%
300 kilometers in one day Yes
64%
One kilometer in two minutes No
57%
100 kilometers in six hours No
57%
100 meters in 14 seconds (backwards) Yes
57%
Ten miles in 45 minutes Yes
57%
Five kilometers in 12:30 No
50%
One mile in 3:30 (downhill) Yes
50%
200 meters in 19 seconds No
43%
100 meters in 9.5 seconds No
36%
800 meters in 1:40 No
36%
Ten kilometers in 26 minutes No
29%
Ultramarathon (50 miles) in five hours Yes
29%
Half marathon in one hour on a treadmill No
21%
5,000 kilometers in forty days No
7%
No matching quizzes found
Score Distribution
Percent of People with Each Score
Percentile by Number Answered
Your Score History
You have not taken this quiz